مع المصطفى عليه الصلاة والسلام
| Main Author: | |
|---|---|
| Format: | Book |
| Published: |
Bayrut :
Dar al-Kitab al-`Arabi ,
1972
|
| Subjects: |
MARC
| LEADER | 00000cam a2200000 7i4500 | ||
|---|---|---|---|
| 001 | 0000005636 | ||
| 005 | 20201201093000.0 | ||
| 008 | 021119s1972 | ||
| 090 | 0 | 0 | |a BP75.2 |b .B561 1972 |
| 100 | 0 | |a بنت الشاطئ , |e author | |
| 245 | 1 | 0 | |a مع المصطفى عليه الصلاة والسلام |c عائشة عبدالرحمن |
| 260 | 2 | |a Bayrut : |b Dar al-Kitab al-`Arabi , |c 1972 | |
| 300 | |a 335 p. ; |c 25 cm. | ||
| 600 | 0 | 0 | |a Muhammad , |c Prophet , |d - 632 |
| 999 | |a 1000015861 |b Book |c OPEN SHELF (30 DAYS) |e Gong Badak Campus | ||